000
00235 a2200097 4500
001
11144
100
_a
Rangnekar, D. K.
245
_a
Poverty and Capital Development in India
260
_a
_b
Oxford Univerisity
_c
090
_c
8698
_d
8698
942
_a
NUST-CAE
_c
M
_c
35486
999
_c
246217
_d
246217